| 000 | nam a22 a 4500 | ||
|---|---|---|---|
| 999 |
_c59878 _d59878 |
||
| 003 | BLK | ||
| 005 | 20230119141420.0 | ||
| 008 | 180408b bul|||||r ||||||| ||bul|| | ||
| 010 | _aKNG00064005000 | ||
| 040 | _aBLK | ||
| 041 |
_aBUL _cBUL |
||
| 080 |
_aЛеки автомобили _b629.114.6 _x(035) _z629.114.6(035) |
||
| 100 | 1 |
_aДимитров, Димитър Константинов _eпърви автор _9289353 |
|
| 139 |
_aДимитров, Димитър Константинов и др. _bД 58 |
||
| 245 | 1 | 0 |
_aЛеки автомобили "Жигули-Лада" ВАЗ 2101, 21011, 2103 _bНаръчник _cДимитър Константинов Димитров; съавт. Христо С. Карастоянов. |
| 250 | _a3. прераб. и доп. изд. | ||
| 257 | _aBGR | ||
| 260 |
_aСофия _bТехника _c1978 |
||
| 300 |
_a247 с. _c20 см |
||
| 380 | _a62 | ||
| 650 | 4 |
_aАвтомобили - ремонт и монтиране _9264644 |
|
| 653 | _aавтомобили | ||
| 653 | _aремонти | ||
| 653 | _aнаръчници | ||
| 700 | 1 |
_aКарастоянов, Христо С. _eсъавт. _9289354 |
|
| 852 | _aЦб 94858 | ||
| 856 | 4 |
_qpdf _i0.92 _ldisable |
|
| 856 | 4 |
_qpdf _i0.92 _ldisable |
|
| 942 |
_cKNG _n0 _s1 |
||
| 944 |
_aCR _c13.06.2004 _kЧиталня |
||
| 944 |
_aED _c14.08.2015 _kКамелия_Данева |
||
| 999 | _d59878 | ||
| 999 | _d59878 | ||